Say it, sign it / (Record no. 7298)

MARC details
000 -LEADER
fixed length control field 00885nam a22002777a 4500
001 - CONTROL NUMBER
control field 7298
003 - CONTROL NUMBER IDENTIFIER
control field FISKH
005 - DATE AND TIME OF LATEST TRANSACTION
control field 20250709081715.0
008 - FIXED-LENGTH DATA ELEMENTS--GENERAL INFORMATION
fixed length control field 250709b cb ||||| |||| 00| 0 eng d
020 ## - INTERNATIONAL STANDARD BOOK NUMBER
International Standard Book Number 9780590273879
040 ## - CATALOGING SOURCE
Original cataloging agency FISKH
Language of cataloging eng
Transcribing agency FISKH
Modifying agency FISKH
050 ## - LIBRARY OF CONGRESS CALL NUMBER
Classification number HV2380.E6
082 ## - DEWEY DECIMAL CLASSIFICATION NUMBER
Classification number 419.7
100 ## - MAIN ENTRY--PERSONAL NAME
Personal name Epstein, Elaine
245 ## - TITLE STATEMENT
Title Say it, sign it /
Statement of responsibility, etc. Written by Elaine Epstein ; Illustrated by Mary O'Keefe Young
260 ## - PUBLICATION, DISTRIBUTION, ETC.
Place of publication, distribution, etc. New York :
Name of publisher, distributor, etc. Scholastic,
Date of publication, distribution, etc. 1994.
300 ## - PHYSICAL DESCRIPTION
Extent 16 pages :
Other physical details color illustrations ;
Dimensions 19 x 24 cm
505 ## - FORMATTED CONTENTS NOTE
Formatted contents note G<br/>
520 ## - SUMMARY, ETC.
Summary, etc. Todd and Sonya communicate with the use of sign language and speech while playing at the beach.
521 8# - TARGET AUDIENCE NOTE
Target audience note 420<br/>
Source Lexile <br/>
521 8# - TARGET AUDIENCE NOTE
Target audience note G<br/>
Source Raz-Plus<br/>
650 ## - SUBJECT ADDED ENTRY--TOPICAL TERM
Topical term or geographic name entry element Beach
Form subdivision Beginning Literacy
General subdivision Diversity
700 ## - ADDED ENTRY--PERSONAL NAME
Personal name Young, Mary O'Keefe
Relator term illustrator
942 ## - ADDED ENTRY ELEMENTS (KOHA)
Source of classification or shelving scheme Dewey Decimal Classification
Koha item type Books
Suppress in OPAC No
Holdings
Withdrawn status Lost status Source of classification or shelving scheme Damaged status Not for loan Collection Home library Current library Shelving location Date acquired Total Checkouts Full call number Barcode Date last seen Copy number Price effective from Koha item type
    Dewey Decimal Classification     Juvenile Fiction Footprints International School Library Network Toul Kork Campus Footprints International School Library Network Toul Kork Campus TK Primary Library Room(4th Floor), Bookcase 1&2, Shelves 1-16, Dark Blue Books 07/09/2025   EPS 419.7 HV2380.E6 FISTK02669 07/09/2025 1 07/09/2025 Books